| 000 | 00798 a2200193 4500 | ||
|---|---|---|---|
| 001 | 59004 | ||
| 005 | 20260407155844.0 | ||
| 008 | 260407a1968 arg spa d | ||
| 003 | AR-UNSa-BCEJYS | ||
| 040 |
_aAR-UNSa-BCEJYS _bspa _cAR-UNSa-BCEJYS |
||
| 080 |
_a330.35 _xCrecimiento económico |
||
| 245 | 1 | 0 | _aLos ciclos y el crecimiento económico |
| 264 | 1 |
_aBuenos Aires : _bAmorrortu Editores _c1968 |
|
| 300 |
_a299 p. _c22 cm. |
||
| 505 | _a1. El análisis por periodos – 2. Características generales del cambio – 3. La anatomía del ciclo – 4. Gastos de consumo – 5. Gastos de inversión – 6. El cambio cíclico – 7. Modelos de crecimiento sostenido – 8. Teoría, modelos y econometría | ||
| 942 | _cBK | ||
| 590 | _aniveau_biblio:m niveau_hierar:0 | ||
| 100 | 1 | _aBober, Gabriel | |
| 999 |
_c6557 _d6557 |
||